00532 2200205 4500001002100000008004100021035002000062245007900082100002300161250000600184260004100190300001100231084001400242082000800256650001400264990001200278990001200290990001200302990001200314INLIS000000000000554 ind  a0010-0424000530 aEnsiklopedia Seni Budaya; Cara Terbaru Belajar KeyboardcGema Swaratyagita aSwaratyagita, Gema a1 aYogyakarta :bCitra Aji Paramac2013 a80 hlm a700 GEM e a700 aNon Fiksi a0722244 a0722245 a0722246 a0722247